000 00256nam a22001097a 4500
082 _a621.3824 COL'A
100 _aCOLLIN, ROBERT E
_9616
245 _aANTENNA THEORY PART-1 & PART-2
260 _aNEWYORK
_bMCGRAW HILL
_c1969
300 _a683P
942 _cBK
999 _c583020
_d583020